[Event "Titled Tuesday intern op 03rd Jan Late"]
[Site "Chess.com INT"]
[Date "2025.06.03"]
[Round "10"]
[White "Vlassov, Nikolai"]
[Black "Sethuraman, Roshan"]
[Result "1-0"]
[WhiteElo "2291"]
[BlackElo "2074"]
[PlyCount "93"]
[EventDate "2025.06.03"]
[EventType "swiss (blitz)"]
[EventRounds "11"]
[EventCountry "USA"]
[SourceTitle "CB24_2025"]
[SourceDate "2025.06.11"]
[SourceVersion "1"]
[SourceVersionDate "2025.06.11"]
[SourceQuality "1"]

1. e4 c5 2. c3 d5 3. exd5 Qxd5 4. d4 Nc6 5. Nf3 Nf6 6. Be3 Bf5 7. dxc5 Qxd1+ 8. Kxd1 0-0-0+ 9. Kc1 Ng4 10. Bb5 Nxe3 11. fxe3 f6 12. Bxc6 bxc6 13. Nd4 Be4 14. Nd2 Bxg2 15. Rg1 Bd5 16. e4 e5 17. exd5 exd4 18. d6 dxc3 19. bxc3 g6 20. Nb3 Kd7 21. Kc2 Bh6 22. Nd4 Rhe8 23. Rab1 Rb8 24. Rb3 a6 25. Rgb1 Rb5 26. Nxb5 axb5 27. a4 Re2+ 28. Kd1 Rd2+ 29. Ke1 bxa4 30. Rb7+ Ke6 31. Rxh7 Bg5 32. h4 Rh2 33. d7 f5 34. hxg5 Rxh7 35. d8Q Rh1+ 36. Kd2 Rxb1 37. Qd6+ Kf7 38. Qf6+ Ke8 39. Qxg6+ Kd8 40. Qd6+ Kc8 41. Qxc6+ Kb8 42. Qxa4 f4 43. Qxf4+ Kb7 44. Qe4+ Ka6 45. Qxb1 Ka7 46. c6 Ka8 47. Qb7# 1-0

[Event "Titled Tuesday intern op 20th May Late"]
[Site "Chess.com INT"]
[Date "2025.05.20"]
[Round "7"]
[White "Vlassov, Nikolai"]
[Black "Bogaudinov, Rushan"]
[Result "1-0"]
[WhiteElo "2291"]
[BlackElo "1912"]
[PlyCount "81"]
[EventDate "2025.05.20"]
[EventType "swiss (blitz)"]
[EventRounds "11"]
[EventCountry "USA"]
[SourceTitle "CB22_2025"]
[SourceDate "2025.05.28"]
[SourceVersion "1"]
[SourceVersionDate "2025.05.28"]
[SourceQuality "1"]

1. e4 c5 2. c3 e6 3. d4 d5 4. exd5 Qxd5 5. Nf3 Nc6 6. a3 Nf6 7. Be3 cxd4 8. cxd4 Be7 9. Nc3 Qd8 10. Qc2 Nd5 11. Bd3 h6 12. 0-0 0-0 13. Qd2 Nxe3 14. fxe3 b6 15. Rf2 Bb7 16. Raf1 Rc8 17. Bb1 Bh4 18. g3 Bf6 19. Ne4 Be7 20. Qd3 f5 21. Nc3 Bf6 22. Ba2 Re8 23. Qxf5 Qd7 24. Ne4 Ba6 25. Qxf6 gxf6 26. Nxf6+ Kg7 27. Nxd7 Bxf1 28. Rxf1 Re7 29. Nde5 Nxe5 30. Nxe5 Rc2 31. Rf2 Rec7 32. Bb3 Rxf2 33. Kxf2 Rc1 34. Nd3 Rh1 35. Kg2 Ra1 36. Bxe6 Kf6 37. Bb3 Ke7 38. e4 Kf6 39. e5+ Kf5 40. d5 h5 41. d6 1-0

[Event "Titled Tuesday intern op 06th May Early"]
[Site "Chess.com INT"]
[Date "2025.05.06"]
[Round "10"]
[White "Vlassov, Nikolai"]
[Black "Alonso Rosell, Alvar"]
[Result "0-1"]
[WhiteElo "2291"]
[BlackElo "2550"]
[PlyCount "76"]
[EventDate "2025.05.06"]
[EventType "swiss (blitz)"]
[EventRounds "11"]
[EventCountry "USA"]
[SourceTitle "CB20_2025"]
[SourceDate "2025.05.14"]
[SourceVersion "1"]
[SourceVersionDate "2025.05.14"]
[SourceQuality "1"]

1. e4 c6 2. d4 d5 3. f3 dxe4 4. fxe4 e5 5. Nf3 Bg4 6. c3 Nd7 7. Bd3 Bd6 8. 0-0 Ngf6 9. Kh1 0-0 10. Be3 Bh5 11. Nbd2 b5 12. a4 a6 13. Qc2 Qc7 14. Bg1 Rab8 15. axb5 axb5 16. Nh4 c5 17. Nf5 c4 18. Bxc4 bxc4 19. Nxd6 Qxd6 20. Nxc4 Qc7 21. Qd3 Bg6 22. dxe5 Nxe4 23. Qd4 Ndc5 24. Rae1 Ne6 25. Rxe4 Nxd4 26. Rxd4 h5 27. b4 Rbd8 28. Rdf4 Bd3 29. Bb6 Qxc4 30. Rxc4 Bxc4 31. Re1 Rd2 32. h4 Bd5 33. Kh2 Rxg2+ 34. Kh3 Rg4 35. Bd4 Ra8 36. Re2 Ra1 37. b5 Rh1+ 38. Rh2 Bg2# 0-1

[Event "Titled Tuesday intern op 06th May Early"]
[Site "Chess.com INT"]
[Date "2025.05.06"]
[Round "5"]
[White "Vlassov, Nikolai"]
[Black "Wagh, Suyog"]
[Result "0-1"]
[WhiteElo "2291"]
[BlackElo "2319"]
[PlyCount "94"]
[EventDate "2025.05.06"]
[EventType "swiss (blitz)"]
[EventRounds "11"]
[EventCountry "USA"]
[SourceTitle "CB20_2025"]
[SourceDate "2025.05.14"]
[SourceVersion "1"]
[SourceVersionDate "2025.05.14"]
[SourceQuality "1"]

1. e4 c6 2. d4 d5 3. f3 Qb6 4. Nc3 dxe4 5. fxe4 e5 6. Nf3 exd4 7. Qxd4 Qxd4 8. Nxd4 Bc5 9. Nb3 Bd6 10. Be3 Nf6 11. 0-0-0 Be5 12. Bd4 Nbd7 13. Be2 0-0 14. Rhf1 Re8 15. h4 Bxd4 16. Rxd4 Ne5 17. Nc5 b6 18. Nd3 c5 19. Rd6 Nc4 20. Rdxf6 gxf6 21. Nd5 Rd8 22. Rxf6 Kg7 23. N3f4 Ne5 24. Nh5+ Kh8 25. Rh6 Ng6 26. Ndf6 Nf8 27. g4 Rd6 28. e5 Re6 29. Bc4 Rxe5 30. Bxf7 Be6 31. Bxe6 Rxe6 32. g5 Rd8 33. b3 Re7 34. Nf4 Rd4 35. N6d5 Rf7 36. Rf6 Rxf6 37. gxf6 Kg8 38. c3 Re4 39. Kd2 Ng6 40. Kd3 Rxf4 41. Nxf4 Nxf4+ 42. Ke4 Ng6 43. Kd5 Nxh4 44. Kc6 Nf5 45. Kb7 h5 46. Kxa7 h4 47. Kxb6 h3 0-1

[Event "Titled Tuesday intern op 01st Apr Early"]
[Site "Chess.com INT"]
[Date "2025.04.01"]
[Round "11"]
[White "Jahnz, Laurin"]
[Black "Vlassov, Nikolai"]
[Result "1/2-1/2"]
[WhiteElo "2157"]
[BlackElo "2291"]
[PlyCount "168"]
[EventDate "2025.04.01"]
[EventType "swiss (blitz)"]
[EventRounds "11"]
[EventCountry "USA"]
[SourceTitle "CB15_2025"]
[SourceDate "2025.04.09"]
[SourceVersion "1"]
[SourceVersionDate "2025.04.09"]
[SourceQuality "1"]

1. e4 Nc6 2. d4 d5 3. e5 h5 4. c3 Bg4 5. f3 Bf5 6. Bd3 Qd7 7. Ne2 0-0-0 8. h4 f6 9. exf6 gxf6 10. Ng3 Bxd3 11. Qxd3 e5 12. dxe5 fxe5 13. Qf5 Nh6 14. Qxd7+ Rxd7 15. Bg5 Nf7 16. Nd2 Rg8 17. Nxh5 Nxg5 18. Nf6 Rh8 19. Nxd7 Kxd7 20. 0-0-0 Ne6 21. Ne4 Ne7 22. Nf6+ Kc6 23. g4 Bg7 24. Nh5 Rxh5 25. gxh5 Nf4 26. Kc2 Nxh5 27. Rhg1 Bf6 28. Rg4 a5 29. a4 Nf5 30. Re1 Bxh4 31. Rxh4 Nxh4 32. Rh1 Nxf3 33. Rxh5 e4 34. Rh6+ Kc5 35. Rh7 Kb6 36. Kd1 c6 37. Ke2 Ne5 38. b3 Nd3 39. Kd2 Nc5 40. Kc2 Ka6 41. Rh6 Ka7 42. Rh8 Nd3 43. Re8 Kb6 44. Re7 Nc5 45. Rh7 Ka6 46. Rg7 b5 47. axb5+ Kxb5 48. Rg8 Kb6 49. Rg7 a4 50. b4 Nd3 51. Rg8 Ne5 52. Ra8 c5 53. Rxa4 cxb4 54. Rxb4+ Kc5 55. Rb8 Nc4 56. Rc8+ Kd6 57. Rh8 Ne3+ 58. Kd2 Nc4+ 59. Ke2 Kc5 60. Rh5 Nd6 61. Ke3 Kc4 62. Rg5 Nb5 63. Kd2 Nxc3 64. Rg8 d4 65. Rc8+ Kd5 66. Rd8+ Ke5 67. Re8+ Kd6 68. Rd8+ Kc5 69. Rc8+ Kb4 70. Rb8+ Nb5 71. Rc8 Nd6 72. Rd8 Kc5 73. Ra8 Nc4+ 74. Ke2 d3+ 75. Kd1 e3 76. Rc8+ Kd4 77. Rd8+ Kc3 78. Ke1 d2+ 79. Ke2 Kc2 80. Rd4 Kc3 81. Rd8 Na3 82. Kxe3 Nc4+ 83. Kf2 Kc2 84. Rxd2+ Kxd2 1/2-1/2

[Event "Titled Tuesday intern op 01st Apr Early"]
[Site "Chess.com INT"]
[Date "2025.04.01"]
[Round "5"]
[White "Vlassov, Nikolai"]
[Black "Filippova, Margarita"]
[Result "1-0"]
[WhiteElo "2291"]
[BlackElo "2004"]
[PlyCount "47"]
[EventDate "2025.04.01"]
[EventType "swiss (blitz)"]
[EventRounds "11"]
[EventCountry "USA"]
[SourceTitle "CB15_2025"]
[SourceDate "2025.04.09"]
[SourceVersion "1"]
[SourceVersionDate "2025.04.09"]
[SourceQuality "1"]

1. e4 e6 2. c4 d5 3. cxd5 exd5 4. Qb3 d4 5. Bc4 Qe7 6. d3 a6 7. a4 Nc6 8. Bd2 Nf6 9. Nf3 Nd7 10. 0-0 Nb6 11. Na3 Nxc4 12. Nxc4 b6 13. Rac1 Bb7 14. Rfe1 h6 15. e5 g5 16. Nxb6 cxb6 17. Qxb6 Nd8 18. Rc7 Qe6 19. Rxb7 Nxb7 20. Qxb7 Rd8 21. Ba5 Qd7 22. Qe4 Rc8 23. Nxd4 Bg7 24. Bb4 1-0

[Event "Titled Tuesday intern op 01st Apr Early"]
[Site "Chess.com INT"]
[Date "2025.04.01"]
[Round "7"]
[White "Vlassov, Nikolai"]
[Black "Terlouw, Wouter"]
[Result "1-0"]
[WhiteElo "2291"]
[BlackElo "2092"]
[PlyCount "85"]
[EventDate "2025.04.01"]
[EventType "swiss (blitz)"]
[EventRounds "11"]
[EventCountry "USA"]
[SourceTitle "CB15_2025"]
[SourceDate "2025.04.09"]
[SourceVersion "1"]
[SourceVersionDate "2025.04.09"]
[SourceQuality "1"]

1. e4 c6 2. d4 d5 3. f3 dxe4 4. fxe4 e5 5. Nf3 exd4 6. Bc4 Nf6 7. 0-0 Bc5 8. Ng5 0-0 9. Nxf7 Rxf7 10. Bxf7+ Kxf7 11. Qh5+ Kg8 12. Qxc5 Nxe4 13. Qe5 Nf6 14. Bg5 Nbd7 15. Qxd4 Qb6 16. Qxb6 axb6 17. Nc3 h6 18. Bh4 g5 19. Bg3 b5 20. a3 Nh5 21. Bd6 Ndf6 22. Rae1 Bd7 23. Re7 Re8 24. h3 Rxe7 25. Bxe7 Kg7 26. Bd6 Kg6 27. Be5 g4 28. hxg4 Bxg4 29. Rf2 Bf5 30. Bxf6 Nxf6 31. Nd1 Nd5 32. b3 Kg5 33. c4 bxc4 34. bxc4 Nb6 35. Ne3 Be6 36. Rb2 Nxc4 37. Nxc4 Bxc4 38. Rxb7 Bb5 39. Ra7 Kf5 40. a4 Bd3 41. a5 Ke5 42. Ra8 Kd6 43. Rd8+ 1-0

[Event "Titled Tuesday intern op 25th Mar Early"]
[Site "Chess.com INT"]
[Date "2025.03.25"]
[Round "10"]
[White "Vlassov, Nikolai"]
[Black "Ocampos, Ian Guido"]
[Result "1/2-1/2"]
[WhiteElo "2291"]
[BlackElo "2219"]
[PlyCount "81"]
[EventDate "2025.03.25"]
[EventType "swiss (blitz)"]
[EventRounds "11"]
[EventCountry "USA"]
[SourceTitle "CB14_2025"]
[SourceDate "2024.11.01"]
[SourceVersion "1"]
[SourceVersionDate "2024.11.01"]
[SourceQuality "1"]

1. e4 c5 2. c3 g6 3. d4 cxd4 4. cxd4 d5 5. e5 a6 6. Nc3 Nc6 7. Bf4 Bg7 8. Qd2 f6 9. Nf3 Bg4 10. Be2 Bxf3 11. Bxf3 e6 12. exf6 Nxf6 13. 0-0-0 0-0 14. Rhe1 Qd7 15. Kb1 b5 16. h4 Rac8 17. h5 Qf7 18. Bd6 Rfd8 19. Bc5 gxh5 20. Qe3 Re8 21. Ne2 Ng4 22. Qg5 Qg6+ 23. Qxg6 hxg6 24. Bxg4 hxg4 25. Nf4 Kf7 26. b4 g5 27. Nh5 Bh8 28. Re3 Kg6 29. Ng3 a5 30. a3 axb4 31. axb4 Ra8 32. Nf1 Ra4 33. Nh2 Rea8 34. Rxe6+ Kf5 35. Rxc6 Ra1+ 36. Kc2 R8a2+ 37. Kb3 Ra3+ 38. Kb2 R3a2+ 39. Kb3 Ra3+ 40. Kb2 R3a2+ 41. Kb3 1/2-1/2

[Event "Titled Tuesday intern op 18th Mar Late"]
[Site "Chess.com INT"]
[Date "2025.03.18"]
[Round "8"]
[White "Chin, Spencer"]
[Black "Vlassov, Nikolai"]
[Result "0-1"]
[WhiteElo "2084"]
[BlackElo "2291"]
[PlyCount "76"]
[EventDate "2025.03.18"]
[EventType "swiss (blitz)"]
[EventRounds "11"]
[EventCountry "USA"]
[SourceTitle "CB13_2025"]
[SourceDate "2025.03.26"]
[SourceVersion "1"]
[SourceVersionDate "2025.03.26"]
[SourceQuality "1"]

1. d4 Nf6 2. c4 Nc6 3. Nc3 e5 4. d5 Ne7 5. e4 Ng6 6. Be3 Bb4 7. Bd3 Bxc3+ 8. bxc3 d6 9. f3 0-0 10. Ne2 c6 11. 0-0 Nh5 12. Qd2 h6 13. Rad1 Qf6 14. Bc2 Nhf4 15. Nxf4 exf4 16. Bd4 Ne5 17. c5 dxc5 18. Bxc5 Re8 19. Bb3 b6 20. Ba3 c5 21. c4 Qg5 22. Bc1 Ng6 23. Bb2 f6 24. Kh1 Bd7 25. Rg1 Qh4 26. Qe1 Qh5 27. Qf2 Ne5 28. Bc1 g5 29. g4 Nxg4 30. fxg4 Bxg4 31. Rdf1 Rxe4 32. Bc2 Re7 33. d6 Re2 34. Qxe2 Bxe2 35. Re1 Bf3+ 36. Rg2 Qh3 37. Reg1 Rd8 38. d7 Rxd7 0-1

[Event "Titled Tuesday intern op 18th Mar Late"]
[Site "Chess.com INT"]
[Date "2025.03.18"]
[Round "2"]
[White "Coca Cubillos, Jesus Alberto"]
[Black "Vlassov, Nikolai"]
[Result "0-1"]
[WhiteElo "1934"]
[BlackElo "2291"]
[PlyCount "98"]
[EventDate "2025.03.18"]
[EventType "swiss (blitz)"]
[EventRounds "11"]
[EventCountry "USA"]
[SourceTitle "CB13_2025"]
[SourceDate "2025.03.26"]
[SourceVersion "1"]
[SourceVersionDate "2025.03.26"]
[SourceQuality "1"]

1. f4 g6 2. Nf3 Bg7 3. g3 c6 4. Bg2 d5 5. 0-0 Qb6+ 6. Kh1 Bxb2 7. Bxb2 Qxb2 8. Nc3 Qb6 9. e4 Nf6 10. Rb1 Qc5 11. e5 Ng4 12. Qe2 h5 13. h3 Nh6 14. Ng5 Nf5 15. Kh2 h4 16. g4 Ng3 17. Qf2 Nxf1+ 18. Qxf1 f6 19. exf6 exf6 20. Re1+ Kf8 21. Ne6+ Bxe6 22. Rxe6 Kf7 23. Qe2 Na6 24. f5 gxf5 25. gxf5 Rae8 26. Rxe8 Qd6+ 27. Kh1 Rxe8 28. Qh5+ Ke7 29. Qxh4 Kd8 30. Bf3 Qe5 31. Kg2 Qxf5 32. Bg4 Qe5 33. Ne2 Kc7 34. d4 Qe4+ 35. Kf2 f5 36. Qh7+ Re7 37. Qxf5 Qxf5+ 38. Bxf5 Nb4 39. a3 Rf7 40. axb4 Rxf5+ 41. Kg3 b6 42. h4 a5 43. Kg4 Rf2 44. Nf4 a4 45. h5 a3 46. h6 Rh2 47. Nh5 Rxh5 48. Kxh5 a2 49. h7 a1Q 0-1

[Event "Titled Tuesday intern op 11th Mar Late"]
[Site "Chess.com INT"]
[Date "2025.03.11"]
[Round "9"]
[White "Dobrosmyslov, Artem"]
[Black "Vlassov, Nikolai"]
[Result "1-0"]
[WhiteElo "2280"]
[BlackElo "2291"]
[PlyCount "59"]
[EventDate "2025.03.11"]
[EventType "swiss (blitz)"]
[EventRounds "11"]
[EventCountry "USA"]
[SourceTitle "CB12_2025"]
[SourceDate "2025.03.19"]
[SourceVersion "1"]
[SourceVersionDate "2025.03.19"]
[SourceQuality "1"]

1. Nf3 f5 2. d3 Nc6 3. e4 e5 4. Nc3 Bc5 5. Bg5 Nf6 6. Nh4 0-0 7. exf5 d5 8. g3 Nd4 9. Bg2 c6 10. Na4 Bd6 11. 0-0 Nxf5 12. Nxf5 Bxf5 13. d4 exd4 14. Qxd4 Bxc2 15. Rac1 Bxa4 16. Qxa4 Qb6 17. b3 Rae8 18. Be3 Qc7 19. Qxa7 Ra8 20. Qd4 Rxa2 21. Ra1 Rfa8 22. Rxa2 Rxa2 23. Bg5 Be5 24. Qh4 Qb6 25. Bh3 Ne4 26. Be6+ Kh8 27. Bd8 Qc5 28. Qh5 Bd6 29. Qf7 Nf6 30. Bxf6 1-0

[Event "Titled Tuesday intern op 11th Mar Early"]
[Site "Chess.com INT"]
[Date "2025.03.11"]
[Round "3"]
[White "Vlassov, Nikolai"]
[Black "Burmakin, Vladimir"]
[Result "0-1"]
[WhiteElo "2291"]
[BlackElo "2435"]
[PlyCount "112"]
[EventDate "2025.03.11"]
[EventType "swiss (blitz)"]
[EventRounds "11"]
[EventCountry "USA"]
[SourceTitle "CB12_2025"]
[SourceDate "2025.03.19"]
[SourceVersion "1"]
[SourceVersionDate "2025.03.19"]
[SourceQuality "1"]

1. e4 c6 2. d4 d5 3. f3 Qb6 4. Nc3 dxe4 5. fxe4 e5 6. Nf3 exd4 7. Qxd4 Qxd4 8. Nxd4 Nd7 9. Be3 Ne7 10. 0-0-0 Ne5 11. Nf3 N7g6 12. Nxe5 Nxe5 13. Bf4 Ng6 14. Bg3 f6 15. Bc4 Bg4 16. Rd3 Rd8 17. h3 Rxd3 18. cxd3 Bc8 19. d4 Bb4 20. Kc2 Ke7 21. a3 Bd6 22. Bxd6+ Kxd6 23. Rf1 Re8 24. Rf2 Re7 25. b4 Be6 26. Bd3 Re8 27. Kd2 Bd7 28. Na4 b6 29. Nb2 Be6 30. Ke3 Re7 31. Rc2 Nf8 32. b5 cxb5 33. Bxb5 Bd7 34. Bd3 Bc6 35. Nc4+ Kd7 36. Kf3 Bb7 37. d5 Ng6 38. Ke3 Ne5 39. Kd4 Nxd3 40. Kxd3 f5 41. d6 Bxe4+ 42. Kd4 Bxc2 43. dxe7 Kxe7 44. Ke5 g6 45. Nd6 Kd7 46. Nf7 b5 47. Ng5 h5 48. g3 a5 49. Nf3 b4 50. axb4 a4 51. Nd4 Bd3 52. h4 a3 53. Nb3 a2 54. Kf6 Kc6 55. Kxg6 f4+ 56. Kxh5 fxg3 0-1

[Event "Titled Tuesday intern op 11th Mar Early"]
[Site "Chess.com INT"]
[Date "2025.03.11"]
[Round "9"]
[White "Vlassov, Nikolai"]
[Black "Zhigalko, Sergei"]
[Result "0-1"]
[WhiteElo "2291"]
[BlackElo "2572"]
[PlyCount "74"]
[EventDate "2025.03.11"]
[EventType "swiss (blitz)"]
[EventRounds "11"]
[EventCountry "USA"]
[SourceTitle "CB12_2025"]
[SourceDate "2025.03.19"]
[SourceVersion "1"]
[SourceVersionDate "2025.03.19"]
[SourceQuality "1"]

1. e4 g6 2. Nc3 Bg7 3. h4 h5 4. Nf3 d6 5. Ng5 c5 6. Bc4 Nh6 7. d3 Nc6 8. a3 0-0 9. f3 Nd4 10. Be3 b5 11. Ba2 Rb8 12. Qd2 b4 13. axb4 cxb4 14. Nd5 b3 15. cxb3 e6 16. Nf4 Nxb3 17. Bxb3 Rxb3 18. 0-0 Rxb2 19. Qa5 Qxa5 20. Rxa5 a6 21. Rc1 Rb3 22. Rc7 Be5 23. Kf2 Rb2+ 24. Ne2 d5 25. Ra7 Bb8 26. Re7 Bd6 27. Ra7 Bb4 28. Ra1 a5 29. Kf1 dxe4 30. dxe4 Rd8 31. Nxe6 Bxe6 32. Bxh6 Bc4 33. Bg5 Bxe2+ 34. Kg1 Re8 35. Kh2 Bd6+ 36. Kh3 Bc4 37. R1xa5 Be6+ 0-1